000 00270nam a2200109Ia 4500
008 220216s9999 xx 000 0 und d
245 0 _aRRIM 600 series clones in estate trials
260 _bPlanters Bulletin
_c1962
300 _a85-93
650 _aRRIM 600
942 _cJS
999 _c67319
_d67319